| 000 | 01150nam a22002297a 4500 | ||
|---|---|---|---|
| 003 | BD-DhJNU | ||
| 005 | 20260427033602.0 | ||
| 008 | 260427b |||||||| |||| 00| 0 eng d | ||
| 020 | _a9844080509 | ||
| 040 |
_aBD-DhJNU _bENG _cBD-DhJNU _dBD-DhJNU |
||
| 082 |
_223 _a891.4409 ALH |
||
| 100 | _aআলম, মাহবুবুল | ||
| 242 |
_aHistory of bengali literature : _bancient, medieval and modern eras / _cProfessor Mahbubul Alam |
||
| 245 |
_aবাংলা সাহিত্যের ইতিহাস : _bপ্রাচীন, মধ্য ও আধুনিক যুগ / _cঅধ্যাপক মাহবুবুল আলম |
||
| 246 |
_aBangla sahityer itihas : _bprachin jug, maddho jug o adhunik jug / |
||
| 250 | _a5th ed. | ||
| 260 |
_aকলিকাতা : _bখান ব্রাদার্স অ্যান্ড কোম্পানি, _c2024. |
||
| 300 |
_a৮৭১ পৃ. : _bচিত্র ; _c২২ সেমি. |
||
| 650 |
_aবাংলা সাহিত্য _vইতিহাস ও সমালোচনা |
||
| 650 |
_aBengali literature _vHistory and criticism |
||
| 942 |
_2ddc _cBK _n0 |
||
| 999 |
_c2736 _d2736 |
||